Classic Novels by Plot #3 - Statistics

General Stats
  • This quiz has been taken 604 times
  • The average score is 7 of 18
Answer Stats
Hint Answer % Correct
Girl falls down rabbit hole into a land of wonder Alice in Wonderland
94%
An old scrooge’s visit from 3 ghosts changes his outlook on life A Christmas Carol
73%
Boy wizard stumbles into magic world and forced to kill his teacher Harry Potter and the Philosopher’s Stone
63%
Fireman becomes disillusioned with his dystopian life and starts illegally collecting books Fahrenheit 451
54%
Kids stumble into a portal to fantastical world in their new house The Lion, The Witch, and the Wardrobe
54%
The author and his favourite poet must descend the nine circles of hell to bring his girlfriend back from the dead The Inferno/ The Divine Comedy
48%
War hero is lost on his way home. He must return before his wife remarries the Odyssey
45%
Tale of unrequited love and revenge on the Yorkshire moors that unfolds over several generations Wuthering Heights
40%
Governess marries the perfect man. If you ignore the mad woman in the attic Jane Eyre
38%
The murder of crow eye was successful. Except that the policeman can definitely hear his heart beating through the floorboards The Tell-Tale Heart
36%
Family haunted by hellhounds enlist the help of a famous detective The Hound of the Baskervilles
34%
Sick lady is driven mad by her room’s wallpaper The Yellow Wallpaper
31%
Young artist and her family vacation, and return ten years later and go to the lighthouse To The Lighthouse
31%
Hero King fights a giant, the giant’s mother, and a dragon Beowulf
25%
Group of people escaping the black death in Florence tell stories to pass the time The Decameron
17%
Monkey King Sun Wukong and his demon friends escort a monk carrying sacred scriptures to central asia Journey to the West/ The Monkey King
14%
Mild mannered doctor has a sinister alter ego Doctor Jekyll and Mister Hyde
10%
Disgraced wrestler’s town is upended by British colonists Things Fall Apart
8%
No matching quizzes found
Score Distribution
Percent of People with Each Score
Percentile by Number Answered
Your Score History
You have not taken this quiz